=LDR 00000nam 2200000 4500 =001 INLIS000000000000208 =005 20150119102357.0 =006 =007 =008 Ind =035 ##$$0010-061300000000208 =041 ##$$a Ind =082 ##$$a 92(Gandhi.M) =090 ##$$a 92(Gandhi) Gan s =100 ##$$a Gandhi, Mahatma =245 ##$$a Semua manusia bersadara, kehidupan dan gagasan Mahatma Gandhi / Mahatma Gandhi;penerjemah,Kustiniyati Mochtar =260 ##$$aJakarta$bYayasan Obor Indonesia$c1988 =300 ##$$a xviii, 224 hlm. : ilus. ; 21 cm =650 ##$$a Gandhi, Mahatma,1869-1948 =700 ##$$a Mukhtar,Kustiniyati =850 ##$$a NBPDMAT